000
00278nam a22001217a 4500
008
180910b xxu||||| |||| 00| 0 eng d
041
_a
eng
080
_2
3 ed
_a
617
100
_a
5
101
_a
KIR
245
_a
Equine Medicine And Surgery
_c
Colahna P.T
942
_2
udc
_c
BK
999
_c
47622
_d
47622